Detalles MARC
| 000 -LEADER |
| fixed length control field |
04046nam a2200649Ii 4500 |
| 001 - CONTROL NUMBER |
| control field |
DIGCSIC0203 |
| 003 - CONTROL NUMBER IDENTIFIER |
| control field |
NyNyDIG |
| 008 - FIXED-LENGTH DATA ELEMENTS--GENERAL INFORMATION |
| fixed length control field |
160803s2015 sp ah ob 001 0 eng d |
| 006 - FIXED-LENGTH DATA ELEMENTS--ADDITIONAL MATERIAL CHARACTERISTICS |
| fixed length control field |
m o d |
| 007 - PHYSICAL DESCRIPTION FIXED FIELD--GENERAL INFORMATION |
| fixed length control field |
cr ||||||||||| |
| 035 ## - SYSTEM CONTROL NUMBER |
| System control number |
(OCoLC)956556743 |
| 040 ## - CATALOGING SOURCE |
| Original cataloging agency |
DGITA |
| Language of cataloging |
eng |
| Description conventions |
rda |
| -- |
pn |
| Transcribing agency |
DGITA |
| 066 ## - CHARACTER SETS PRESENT |
| Alternate G0 or G1 character set |
(3 |
| 020 ## - INTERNATIONAL STANDARD BOOK NUMBER |
| International Standard Book Number |
9788400100117 |
| Qualifying information |
(eBook ; |
| -- |
pdf) |
| 020 ## - INTERNATIONAL STANDARD BOOK NUMBER |
| International Standard Book Number |
8400100115 |
| Qualifying information |
(eBook ; |
| -- |
pdf) |
| 020 ## - INTERNATIONAL STANDARD BOOK NUMBER |
| Canceled/invalid ISBN |
9788400100100 |
| 020 ## - INTERNATIONAL STANDARD BOOK NUMBER |
| Canceled/invalid ISBN |
8400100107 |
| 024 7# - OTHER STANDARD IDENTIFIER |
| Standard number or code |
723-15-160-2 |
| Qualifying information |
ebook |
| Source of number or code |
nipo |
| 041 1# - LANGUAGE CODE |
| Language code of text/sound track or separate title |
eng |
| -- |
ara |
| Language code of original |
ara |
| 050 14 - LIBRARY OF CONGRESS CALL NUMBER |
| Classification number |
D967 ebook |
| 100 1# - MAIN ENTRY--PERSONAL NAME |
| Personal name |
Ibn al-Ḥajarī, Aḥmad ibn Qāsim, |
| Dates associated with a name |
active 17th century, |
| Relator term |
author. |
| 240 10 - UNIFORM TITLE |
| Uniform title |
Nāṣir al-dīn ʻalá al-qawm al-kāfirīn. |
| Language of a work |
English |
| 245 10 - TITLE STATEMENT |
| Title |
Kitāb Nāṣir al-dīn ʻalā ʼl-qawm al-kāfirīn = |
| Remainder of title |
(The supporter of religion against the infidels) / |
| Statement of responsibility, etc. |
Aḥmad ibn Qāsim al-Ḥajarī ; general introduction, critical edition and annotated translation, re-edited, revised, and updated in the light of recent publications and the primitive version found in the hitherto unknown manuscript preserved in al-Azhar by P.S. van Koningsveld, Q. al-Samarrai and G.A. Wiegers. |
| 246 31 - VARYING FORM OF TITLE |
| Title proper/short title |
Supporter of religion against the infidels |
| 246 15 - VARYING FORM OF TITLE |
| Linkage |
880-01 |
| Title proper/short title |
Nāṣir al-dīn ʻalá al-qawm al-kāfirīn |
| 250 ## - EDITION STATEMENT |
| Edition statement |
Segunda edición, revisada y ampliada. |
| 264 #1 - PRODUCTION, PUBLICATION, DISTRIBUTION, MANUFACTURE, AND COPYRIGHT NOTICE |
| Place of production, publication, distribution, manufacture |
Madrid : |
| Name of producer, publisher, distributor, manufacturer |
Consejo Superior de Investigaciones Científicas, |
| Date of production, publication, distribution, manufacture, or copyright notice |
2015. |
| 300 ## - PHYSICAL DESCRIPTION |
| Extent |
1 online resource : |
| Other physical details |
illustrations, facsimiles (color) |
| 336 ## - CONTENT TYPE |
| Content type term |
text |
| Content type code |
txt |
| Source |
rdacontent |
| 337 ## - MEDIA TYPE |
| Media type term |
computer |
| Media type code |
c |
| Source |
rdamedia |
| 338 ## - CARRIER TYPE |
| Carrier type term |
online resource |
| Carrier type code |
cr |
| Source |
rdacarrier |
| 490 1# - SERIES STATEMENT |
| Series statement |
Fuentes arábico-hispanas ; |
| Volume/sequential designation |
35 |
| 500 ## - GENERAL NOTE |
| General note |
Edited from the Dār al-kutub manuscript (also used as the basis of the 1997 edition), with material from the Azhar manuscript (the primitive version, preserved in the library of al-Azhar, Cairo, in manuscript 30714) incorporated in the annotations. |
| 500 ## - GENERAL NOTE |
| General note |
The sequence of 38 unnumbered leaves contain a color facsimile of leaves 247-284 of the al-Azhar manuscript (Maktabah al-Azharīyah, manuscript 30714, containing the text of the primitive version. |
| 500 ## - GENERAL NOTE |
| General note |
Appendix Two includes a Spanish paraphrase of the original Arabic, as found in the manuscript Bologna, Biblioteca universitaria D 565. The paraphrase is followed by an English translation. |
| 504 ## - BIBLIOGRAPHY, ETC. NOTE |
| Bibliography, etc. note |
Includes bibliographical references and index. |
| 546 ## - LANGUAGE NOTE |
| Language note |
Text in Arabic, English and Spanish. |
| 588 0# - SOURCE OF DESCRIPTION NOTE |
| Source of description note |
Online resource; title from PDF title page (Digitalia, viewed August 5, 2016) |
| 651 #0 - SUBJECT ADDED ENTRY--GEOGRAPHIC NAME |
| Geographic name |
Europe, Western |
| General subdivision |
Description and travel |
| Form subdivision |
Early works to 1800. |
| 600 10 - SUBJECT ADDED ENTRY--PERSONAL NAME |
| Personal name |
Ibn al-Ḥajarī, Aḥmad ibn Qāsim, |
| Dates associated with a name |
active 17th century |
| General subdivision |
Travel |
| Geographic subdivision |
Europe, Western. |
| 650 #0 - SUBJECT ADDED ENTRY--TOPICAL TERM |
| Topical term or geographic name entry element |
Islam |
| General subdivision |
Relations |
| -- |
Christianity |
| Form subdivision |
Early works to 1800. |
| 650 #0 - SUBJECT ADDED ENTRY--TOPICAL TERM |
| Topical term or geographic name entry element |
Christianity and other religions |
| General subdivision |
Islam |
| Form subdivision |
Early works to 1800. |
| 600 10 - SUBJECT ADDED ENTRY--PERSONAL NAME |
| Personal name |
Ibn al-Ḥajarī, Aḥmad ibn Qāsim, |
| Dates associated with a name |
active 17th century. |
| Title of a work |
Nāṣir al-dīn ʻalá al-qawm al-kāfirīn. |
| 655 #0 - INDEX TERM--GENRE/FORM |
| Genre/form data or focus term |
Electronic books. |
| 700 1# - ADDED ENTRY--PERSONAL NAME |
| Personal name |
Koningsveld, P. Sj. van, |
| Dates associated with a name |
1943- |
| Relator term |
editor. |
| 700 1# - ADDED ENTRY--PERSONAL NAME |
| Personal name |
Sāmarrāʼī, Qāsim, |
| Relator term |
editor. |
| 700 1# - ADDED ENTRY--PERSONAL NAME |
| Personal name |
Wiegers, Gerard Albert, |
| Dates associated with a name |
1959- |
| Relator term |
editor. |
| 700 12 - ADDED ENTRY--PERSONAL NAME |
| Personal name |
Ibn al-Ḥajarī, Aḥmad ibn Qāsim, |
| Dates associated with a name |
active 17th century. |
| Title of a work |
Nāṣir al-dīn ʻalá al-qawm al-kāfirīn. |
| 791 2# - |
| -- |
Digitalia (Firm), |
| -- |
distributor. |
| 793 0# - |
| -- |
Digitalia eBook Collection: |
| -- |
Editorial CSIC |
| 776 08 - ADDITIONAL PHYSICAL FORM ENTRY |
| Relationship information |
Print version: |
| Main entry heading |
Ibn al-Ḥajarī, Aḥmad ibn Qāsim, active 17th century. |
| Uniform title |
Nāṣir al-dīn ʻalá al-qawm al-kāfirīn. English. |
| Title |
Kitāb Nāṣir al-dīn ʻalā ʼl-qawm al-kāfirīn. |
| Edition |
Second edition. |
| Place, publisher, and date of publication |
Madrid : Consejo Superior de Investigaciones Científicas, 2015. |
| International Standard Book Number |
9788400100100 |
| Record control number |
(DLC) 2016380070 |
| -- |
(OCoLC)945885215 |
| 880 15 - ALTERNATE GRAPHIC REPRESENTATION |
| Linkage |
246-01/(3/r |
| a |
ناصر الدين على القوم الكافرين |
| 830 #0 - SERIES ADDED ENTRY--UNIFORM TITLE |
| Uniform title |
Fuentes arábico-hispanas ; |
| Volume/sequential designation |
35. |
| 856 40 - ELECTRONIC LOCATION AND ACCESS |
| Materials specified |
Digitalia Hispánica |
| Uniform Resource Identifier |
<a href="https://www.digitaliapublishing.com/a/39836/">https://www.digitaliapublishing.com/a/39836/</a> |
| 910 ## - USER-OPTION DATA (OCLC) |
| User-option data |
Premium Collection: 2016 |
| 942 ## - ADDED ENTRY ELEMENTS (KOHA) |
| Koha item type |
Recurso Electrónico |